Κατάλογος Βιβλιοθηκών Mediterranean College

Τουριστική Οικονομία (Record no. 3271)

MARC details
000 -LEADER
fixed length control field 01554cam a22002054a 4500
005 - ΗΜΕΡΟΜΗΝΙΑ ΚΑΙ ΩΡΑ ΤΕΛΕΥΤΑΙΑΣ ΕΝΗΜΕΡΩΣΗΣ
Πεδίο ελέγχου 20250605163356.0
008 - FIXED-LENGTH DATA ELEMENTS--GENERAL INFORMATION
Πεδίο ελέγχου σταθερού μήκους 250528s ||||||||||||||||||||||||d
035 ## - SYSTEM CONTROL NUMBER
System control number 17872
020 ## - ISBN
ISBN 9789603901853
040 ## - ΠΗΓΗ ΚΑΤΑΛΟΓΟΓΡΑΦΗΣΗΣ
Φορέας πρωτότυπης καταλογογράφησης MC Athens Campus Library
Γλώσσα καταλογογράφησης Ελληνικά, Μοντέρνα (1453-)
Modifying agency MC Athens Campus Library
Κανόνες περιγραφικής καταλογογράφησης AACR2
245 1# - ΤΙΤΛΟΣ ΚΑΙ ΔΗΛΩΣΗ ΥΠΕΥΘΥΝΟΤΗΤΑΣ
Τίτλος Τουριστική Οικονομία
250 ## - EDITION STATEMENT
Edition statement
260 ## - PUBLICATION, DISTRIBUTION, ETC.
Name of publisher, distributor, etc. Interbooks,
Date of publication, distribution, etc. 2007
300 ## - PHYSICAL DESCRIPTION
Extent 468
520 ## - SUMMARY, ETC.
Summary, etc. Πρόλογος, Η Τουριστική Οικονομία Δυναμικός Κλάδος Οικονομικής Δραστηριότητας, Οι Βασικές Εισαγωγικές Έννοιες της Τουριστικής Οικονομίας, Η Συμπεριφορά του Τουρίστα και η Ζήτηση Τουριστικών Προϊόντων, Οι Βασικές Αρχές που Διέπουν την Τουριστική Παραγωγή, Οι Βασικοί Συντελεστές Παραγωγής Τουριστικών Πακέτων, Το Κόστος Παραγωγής και η Προσφορά Τουριστικών Προϊόντων, ΗΜέτρηση και η Πρόβλεψη της Τουριστικής Ζήτησης, Η Τιμή και Ποσότητα Ισορροπίας Ενός Τουριστικού Προϊόντος, Η Ανάπτυξη της Τουριστικής Οικονομίας, Επίλογος, Βιβλιογραφία, Ευρετήριο Ονομάτων και Θεμάτων.
700 1# - ΠΡΟΣΘΕΤΗ ΑΝΑΓΡΑΦΗ--ΦΥΣΙΚΟ ΠΡΟΣΩΠΟ
Personal name Ηγουμενάκης Νίκος Γ
942 ## - ADDED ENTRY ELEMENTS (KOHA)
Koha item type Books
Holdings
Τύπος τεκμηρίου Βιβλιοθήκη Τρέχουσα τοποθεσία Barcode Αριθμός εισαγωγής Ημερομηνία απόκτησης Ταξιθετικό σύμβολο Αριθμός αντιτύπου Κατάσταση απόσυρσης Κατάσταση χαμένου Κατάσταση κατεστραμμένου Μη δανεισμός Σύνολο δανεισμών Ημερομηνία τελευταίας εμφάνισης Η τιμή ισχύει από
Books MC Athens Campus Library MC Athens Campus Library 9780000032706 7357 05/06/2025 338.4791 IGO 1           05/06/2025 05/06/2025

MC Athens Campus Library
Πατησίων 94 & Κοδριγκτώνος 13, 104 34
Πελλήνης 8 & Πατησίων 107, 112 51
Τ: +30 210 8899600

MC Thessaloniki Campus Library
Ίωνος Δραγούμη 21, 54625 | Ίωνος Δραγούμη 15, 54625
Τ: +30 2310 287779 – Τ: +30 2314 440300